000
00330nam a22001337a 4500
020
_a
09788184655995
082
_a
297.08 MUL
100
_a
Multani, Syed Waheedullah Hussaini Al-Qadri
245
_a
Anwar-e- Islam
260
_a
Hyderabad
_b
Henry Martyn Institute
_c
2016
300
_a
282
650
_a
Islam _ essays
942
_c
BK
999
_c
20372
_d
20372